[Event "7th Parsvnath International Open Chess T"]
[Site "Modern School, Barakhamba Road"]
[Date "2009.01.19"]
[Round "10.30"]
[White "Das, Sayantan"]
[Black "Roktim, Bandyopadhyay"]
[Result "0-1"]
[WhiteElo "2224"]
[BlackElo "2372"]
[PlyCount "52"]
[EventDate "2009.01.11"]

1. e4 e5 2. Nf3 d6 3. d4 exd4 4. Nxd4 Nf6 5. Nc3 Be7 6. Bf4 O-O 7. Qd2 a6 8.
O-O-O b5 9. f3 c5 10. Nf5 Bxf5 11. exf5 Nc6 12. Ne4 d5 13. Qe1 d4 14. Nxf6+
Bxf6 15. g4 Nb4 16. a3 Nd5 17. Bd2 Bh4 18. Qe2 Re8 19. Qg2 c4 20. f4 Rc8 21.
Ba5 Qxa5 22. Qxd5 d3 23. cxd3 c3 24. Qb3 c2 25. Qxc2 Rxc2+ 26. Kxc2 Qa4+ 0-1

[Event "7th Parsvnath International Open Chess T"]
[Site "Modern School, Barakhamba Road"]
[Date "2009.01.19"]
[Round "10.31"]
[White "Fenil, Shah"]
[Black "Katalymov, Boris N"]
[Result "0-1"]
[WhiteElo "2213"]
[BlackElo "2367"]
[PlyCount "71"]
[EventDate "2009.01.11"]

1. e4 e5 2. Bc4 Nf6 3. d3 Bc5 4. Nc3 d6 5. f4 Bxg1 6. Rxg1 Ng4 7. g3 exf4 8.
Bxf4 g5 9. h3 h5 10. hxg4 Bxg4 11. Qd2 gxf4 12. Qxf4 Rf8 13. Rf1 Nc6 14. Nd5 f5
15. Qh6 Kd7 16. Nb6+ cxb6 17. exf5 Qf6 18. Be6+ Kc7 19. Qh7+ Qe7 20. Qxe7+ Nxe7
21. f6 Bxe6 22. fxe7 Rxf1+ 23. Kxf1 Re8 24. Re1 Rxe7 25. Kg1 Kd7 26. Re4 Bg4
27. Ra4 Re1+ 28. Kg2 Re2+ 29. Kg1 Rxc2 30. Rxa7 Rxb2 31. Rxb7+ Kc6 32. Ra7 Kc5
33. a4 Kd4 34. a5 Ke3 35. Re7+ Kf3 36. axb6 0-1

[Event "7th Parsvnath International Open Chess T"]
[Site "Modern School, Barakhamba Road"]
[Date "2009.01.19"]
[Round "10.32"]
[White "Djuraev, Sokhib"]
[Black "Vinoth, Kumar"]
[Result "1-0"]
[WhiteElo "2353"]
[BlackElo "2204"]
[PlyCount "116"]
[EventDate "2009.01.11"]

1. e4 e6 2. d4 d5 3. Nd2 Nf6 4. e5 Nfd7 5. Bd3 b6 6. Ne2 c5 7. c3 Ba6 8. Bxa6
Nxa6 9. O-O Be7 10. f4 g6 11. Nf3 Qc8 12. Bd2 Nc7 13. Be1 Qa6 14. a4 Nb8 15. b4
c4 16. g4 Qc8 17. Qc2 Nc6 18. Ng3 Qd7 19. f5 gxf5 20. gxf5 exf5 21. Nxf5 Rg8+
22. Kh1 Rg4 23. b5 Nd8 24. Nxe7 Qxe7 25. Qxh7 Nce6 26. Bh4 Qf8 27. Rg1 Rxg1+
28. Rxg1 Qa3 29. Rg8+ Nf8 30. Bxd8 Rxd8 31. e6 Qc1+ 32. Kg2 Qf4 33. exf7+ Qxf7
34. Qh8 Rd6 35. Ne5 Qf5 36. Rxf8+ Qxf8 37. Qh5+ Ke7 38. Qh7+ Ke6 39. Qg6+ Qf6
40. Qe8+ Kf5 41. Qg8 Qh4 42. Qf7+ Rf6 43. Qd7+ Ke4 44. Ng4 Rf4 45. Qe6+ Kd3 46.
Qe3+ Kc2 47. Qxf4 Kxc3 48. Nf6 Qh8 49. Nxd5+ Kb3 50. Ne3 Qc8 51. Qf7 Qa8+ 52.
Kf2 Kxa4 53. Qxc4+ Ka5 54. Nd5 Qf8+ 55. Ke2 Qe8+ 56. Kd2 Qf8 57. Qb4+ Qxb4+ 58.
Nxb4 Kxb4 1-0

[Event "7th Parsvnath International Open Chess T"]
[Site "Modern School, Barakhamba Road"]
[Date "2009.01.19"]
[Round "10.33"]
[White "Shivananda, B S."]
[Black "Gajendra, Singh"]
[Result "1-0"]
[WhiteElo "2347"]
[BlackElo "2128"]
[PlyCount "57"]
[EventDate "2009.01.11"]

1. e4 e6 2. b3 d5 3. Bb2 Nf6 4. e5 Nfd7 5. c4 Nb6 6. Nc3 c5 7. f4 Nc6 8. Nf3
Be7 9. Qb1 Na5 10. cxd5 exd5 11. f5 d4 12. Bb5+ Nc6 13. Ne2 Bd7 14. Qe4 a6 15.
Bxc6 Bxc6 16. Qg4 Bxf3 17. Qxg7 Bh4+ 18. Ng3 Qd5 19. O-O O-O-O 20. Rxf3 h5 21.
e6 fxe6 22. fxe6 Qxe6 23. Rc1 Rhg8 24. Rxc5+ Kb8 25. Qe5+ Qxe5 26. Rxe5 Rg7 27.
Rxh5 Rdg8 28. Rd3 Bf6 29. Rf5 {Score sheet not clear} 1-0

[Event "7th Parsvnath International Open Chess T"]
[Site "Modern School, Barakhamba Road"]
[Date "2009.01.19"]
[Round "10.34"]
[White "Roy, Prantik"]
[Black "Vul, Arkadi Eremeevich"]
[Result "1-0"]
[WhiteElo "2071"]
[BlackElo "2344"]
[PlyCount "98"]
[EventDate "2009.01.11"]

1. d4 d5 2. Nf3 Nf6 3. c4 e6 4. Nc3 c6 5. e3 Nbd7 6. Qc2 Bd6 7. Bd3 dxc4 8.
Bxc4 e5 9. O-O O-O 10. Bb3 Qc7 11. Bd2 Re8 12. h3 exd4 13. exd4 Nf8 14. Bg5 Nh5
15. Rac1 Be6 16. Rfd1 Rac8 17. Na4 Bf4 18. Bxf4 Bxb3 19. Bxc7 Bxc2 20. Rxc2
Rxc7 21. d5 Rd8 22. d6 Rcc8 23. b4 Nf6 24. Nc3 Ne6 25. Ne5 Nf4 26. d7 Rb8 27.
b5 c5 28. Na4 Ne6 29. Nxc5 Nxc5 30. Rxc5 Kf8 31. Rc7 Ke7 32. a4 Ke6 33. f4 g6
34. g3 Ne4 35. Kg2 f6 36. Nc4 f5 37. Rd3 h6 38. Kf3 Nf6 39. Ne5 g5 40. a5 gxf4
41. gxf4 Ne4 42. a6 Rg8 43. axb7 Rg3+ 44. Ke2 Rg2+ 45. Ke3 Rg3+ 46. Kd4 Rxd3+
47. Kxd3 Nf6 48. Rc8 Nxd7 49. Nxd7 Kxd7 1-0

[Event "7th Parsvnath International Open Chess T"]
[Site "Modern School, Barakhamba Road"]
[Date "2009.01.19"]
[Round "10.36"]
[White "Deshmukh, Anup"]
[Black "Debayan, Majumdar"]
[Result "1-0"]
[WhiteElo "2311"]
[BlackElo "2112"]
[PlyCount "90"]
[EventDate "2009.01.11"]

1. d4 e6 2. Nf3 Nf6 3. g3 b6 4. Bg2 Bb7 5. O-O d6 6. c4 Nbd7 7. Nc3 c5 8. d5
exd5 9. Nh4 Rc8 10. cxd5 a6 11. e4 g6 12. f4 Bg7 13. e5 dxe5 14. fxe5 Nxe5 15.
Bf4 Nfd7 16. Ne4 O-O 17. Nd6 Rb8 18. Qe2 f5 19. Nxb7 Rxb7 20. Qxa6 Rb8 21. Qb5
Ra8 22. a3 Ra5 23. Qe2 Ng4 24. Qe6+ Kh8 25. h3 Nge5 26. Rae1 Re8 27. Qd6 Kg8
28. Nf3 Bf8 29. Bxe5 Bxd6 30. Bxd6 Nf6 31. Rxe8+ Nxe8 32. Be5 Qxd5 33. Bc3 Ra7
34. Ng5 Qd8 35. Ne6 Qd6 36. Nf4 Nf6 37. Bf3 Ne4 38. Rd1 Qe7 39. Nd5 Qg5 40.
Bxe4 fxe4 41. Nf6+ Kf7 42. Kg2 Qe3 43. Rf1 Ke6 44. Ng4 Qd3 45. Rf6+ Kd5 1-0

[Event "7th Parsvnath International Open Chess T"]
[Site "Modern School, Barakhamba Road"]
[Date "2009.01.19"]
[Round "10.37"]
[White "Ramakrishna, J."]
[Black "Tiwari, Ashwani"]
[Result "1-0"]
[WhiteElo "2298"]
[BlackElo "2096"]
[PlyCount "83"]
[EventDate "2009.01.11"]

1. e4 c5 2. Nf3 Nc6 3. d3 g6 4. g3 Bg7 5. Bg2 Nf6 6. O-O O-O 7. c3 d6 8. Nbd2
Rb8 9. a4 a6 10. Re1 b5 11. axb5 axb5 12. d4 cxd4 13. cxd4 Bg4 14. Nb3 Nd7 15.
h3 Bxf3 16. Bxf3 e5 17. Be3 Nb6 18. d5 Ne7 19. Be2 Qd7 20. Na5 f5 21. Qb3 Nc4
22. Bg5 fxe4 23. Bxe7 Qxe7 24. Bxc4 bxc4 25. Qc2 Qf7 26. Rad1 Rb5 27. Nxc4 Rxd5
28. Nxd6 Rxd1 29. Rxd1 Qe6 30. Nxe4 Qxh3 31. Qc4+ Kh8 32. b4 Qc8 33. Qd3 Qb7
34. b5 Rb8 35. Nd6 Qe7 36. b6 Bf8 37. Nc4 Qf6 38. Qd5 e4 39. b7 Qe7 40. Rb1 Bg7
41. Qc6 Be5 42. Qxe4 1-0

[Event "7th Parsvnath International Open Chess T"]
[Site "Modern School, Barakhamba Road"]
[Date "2009.01.19"]
[Round "10.38"]
[White "Karma, Pandya"]
[Black "Maheswaran, P."]
[Result "0-1"]
[WhiteElo "2058"]
[BlackElo "2297"]
[PlyCount "72"]
[EventDate "2009.01.11"]

1. e4 c5 2. Nf3 e6 3. d4 cxd4 4. Nxd4 Nc6 5. Nc3 Qc7 6. f4 a6 7. Nxc6 Qxc6 8.
Bd3 b5 9. Qe2 Bb7 10. Bd2 Rc8 11. a3 Qc7 12. O-O Bc5+ 13. Kh1 Ne7 14. e5 Nf5
15. Be4 O-O 16. Bxb7 Qxb7 17. Ne4 Be3 18. Qf3 Qa7 19. Bb4 Rfd8 20. Bc3 Bd4 21.
Rfd1 Bxc3 22. Nxc3 d5 23. exd6 Rxd6 24. Rxd6 Nxd6 25. Ne4 Nxe4 26. Qxe4 Qf2 27.
a4 bxa4 28. h3 g6 29. Qxa4 Rxc2 30. Qe4 Re2 31. Qa8+ Kg7 32. Rg1 Rxb2 33. Qxa6
Qxf4 34. Qa1 Qf6 35. Qa6 Rf2 36. Qa7 e5 0-1

[Event "7th Parsvnath International Open Chess T"]
[Site "Modern School, Barakhamba Road"]
[Date "2009.01.19"]
[Round "10.39"]
[White "Panchanathan, Magesh Chandran"]
[Black "Singh, Pritam"]
[Result "1-0"]
[WhiteElo "2490"]
[BlackElo "2224"]
[PlyCount "69"]
[EventDate "2009.01.11"]

1. e4 d5 2. exd5 Nf6 3. c4 c6 4. d4 cxd5 5. Nc3 Nc6 6. Nf3 e6 7. cxd5 Nxd5 8.
Bd3 Be7 9. O-O O-O 10. Re1 Bf6 11. Be4 Nde7 12. Be3 Nb4 13. Ne5 Nbd5 14. Ng4
Nxe3 15. Nxf6+ gxf6 16. Rxe3 f5 17. Rh3 Kg7 18. Qh5 Ng6 19. d5 Rh8 20. Qh6+ Kg8
21. Bc2 Qf8 22. Qh5 h6 23. dxe6 Bxe6 24. Bxf5 Bxf5 25. Qxf5 Kg7 26. Ne4 Qe7 27.
Ng3 Rac8 28. Nh5+ Kh7 29. Re3 Qf8 30. Rae1 Rc5 31. Re5 Rc6 32. g3 Kg8 33. Re8
Rc5 34. Nf6+ Kg7 35. Qf3 1-0

[Event "7th Parsvnath International Open Chess T"]
[Site "Modern School, Barakhamba Road"]
[Date "2009.01.19"]
[Round "10.40"]
[White "Venkatesh, M R."]
[Black "Mari Arul, S."]
[Result "0-1"]
[WhiteElo "2470"]
[BlackElo "2223"]
[PlyCount "62"]
[EventDate "2009.01.11"]

1. e4 e6 2. d4 d5 3. Nd2 Nf6 4. e5 Nfd7 5. Bd3 c5 6. c3 Nc6 7. Ngf3 f6 8. O-O
fxe5 9. Nxe5 Ncxe5 10. dxe5 Nxe5 11. Qh5+ Nf7 12. Bxh7 g6 13. Qxg6 Qh4 14. Re1
Qxh7 15. Qxh7 Rxh7 16. c4 Kd7 17. Nf1 Bd6 18. f4 b6 19. cxd5 exd5 20. Ne3 Kc6
21. g3 d4 22. Nc4 Ba6 23. b3 Rah8 24. Re2 b5 25. Nxd6 Nxd6 26. Bb2 b4 27. Rg2
Bd3 28. Rd1 Kd5 29. Rdd2 Ne4 30. Rxd3 Rxh2 31. Bxd4 cxd4 0-1

[Event "7th Parsvnath International Open Chess T"]
[Site "Modern School, Barakhamba Road"]
[Date "2009.01.19"]
[Round "10.41"]
[White "Chatterjee, Debaraj"]
[Black "Konguvel, Ponnuswamy"]
[Result "0-1"]
[WhiteElo "2218"]
[BlackElo "2462"]
[PlyCount "55"]
[EventDate "2009.01.11"]

1. d4 Nf6 2. c4 g6 3. Nc3 d5 4. cxd5 Nxd5 5. e4 Nxc3 6. bxc3 Bg7 7. Nf3 c5 8.
Rb1 O-O 9. Be2 Nc6 10. d5 Ne5 11. Nxe5 Bxe5 12. Qd2 e6 13. f4 Bc7 14. O-O exd5
15. exd5 Ba5 16. Bb2 Qd6 17. Rbd1 Bd7 18. Kh1 Rad8 19. Qc2 Bf5 20. Qc1 Rfe8 21.
Bb5 Re7 22. c4 Re2 23. Be5 Qe7 24. Qa3 Be4 25. Rg1 Bb4 26. Qg3 b6 27. Ba1 Rxa2
28. Qh4 0-1

[Event "7th Parsvnath International Open Chess T"]
[Site "Modern School, Barakhamba Road"]
[Date "2009.01.19"]
[Round "10.42"]
[White "Khamzin, Olzhas"]
[Black "Shiven, Khosla"]
[Result "0-1"]
[WhiteElo "2401"]
[BlackElo "2168"]
[PlyCount "98"]
[EventDate "2009.01.11"]

1. d4 d5 2. c4 c6 3. Nf3 Nf6 4. Qc2 dxc4 5. Qxc4 Bf5 6. Nc3 e6 7. g3 Be7 8. Bg2
Nbd7 9. O-O O-O 10. Re1 Bg6 11. Bg5 Rc8 12. Rad1 Bc2 13. e4 b5 14. Qe2 Bxd1 15.
Rxd1 h6 16. Be3 b4 17. Na4 Qa5 18. Qc2 Rfd8 19. b3 Nb6 20. Nxb6 axb6 21. Ne5
Qa8 22. Re1 Qb7 23. Qe2 Qc7 24. h4 c5 25. Rc1 Qb8 26. Bf4 Bd6 27. Re1 cxd4 28.
Nd3 Bxf4 29. gxf4 Qc7 30. e5 Nd5 31. Qg4 Qe7 32. f5 exf5 33. Qxf5 Qe6 34. Qe4
Rc3 35. Qxd4 Rcc8 36. Qe4 Nc3 37. Qe3 Nd5 38. Qf3 Rc3 39. Qe4 Qd7 40. Nf4 Nxf4
41. Qxf4 Rd3 42. Kh2 Rd4 43. Be4 Qe6 44. Qg3 Re8 45. f4 Rd2+ 46. Bg2 Rc8 47.
Kh1 Rc3 48. Re3 Rcc2 49. Be4 Rc1+ 0-1

[Event "7th Parsvnath International Open Chess T"]
[Site "Modern School, Barakhamba Road"]
[Date "2009.01.19"]
[Round "10.43"]
[White "Pradip, Ghosh"]
[Black "Debashis, Das"]
[Result "0-1"]
[WhiteElo "2211"]
[BlackElo "2365"]
[PlyCount "52"]
[EventDate "2009.01.11"]

1. e4 c5 2. Nc3 e6 3. g3 a6 4. Bg2 Nc6 5. d3 Nf6 6. Nge2 Be7 7. O-O O-O 8. h3
d6 9. f4 Nd7 10. g4 b5 11. Ng3 Bb7 12. Nce2 Re8 13. Bd2 Rc8 14. Kh2 b4 15. f5
Bg5 16. Qc1 h6 17. fxe6 fxe6 18. Bf4 Nde5 19. Bxg5 Qxg5 20. Qxg5 hxg5 21. Rf2
a5 22. Nf1 Rf8 23. Kg3 Nd4 24. Rc1 Ba6 25. Nd2 Rxf2 26. Kxf2 Bxd3 0-1

[Event "7th Parsvnath International Open Chess T"]
[Site "Modern School, Barakhamba Road"]
[Date "2009.01.19"]
[Round "10.44"]
[White "Vaibhav, Suri"]
[Black "Arun, Karthik R"]
[Result "1/2-1/2"]
[WhiteElo "2193"]
[BlackElo "2348"]
[PlyCount "136"]
[EventDate "2009.01.11"]

1. e4 d6 2. d4 g6 3. Nc3 Bg7 4. Be3 a6 5. f4 b5 6. Bd3 Bb7 7. Nf3 Nd7 8. e5 Nh6
9. Be4 Qc8 10. Ng5 b4 11. Qf3 Rb8 12. Bxb7 Qxb7 13. Nce4 Nf5 14. Bf2 h6 15.
Nxf7 Kxf7 16. g4 e6 17. gxf5 exf5 18. Qb3+ d5 19. Nc5 Nxc5 20. dxc5 Rhe8 21.
Bd4 Re6 22. h4 h5 23. c3 Bh6 24. Rf1 bxc3 25. Qxb7 Rxb7 26. Bxc3 Bf8 27. b4 Be7
28. Rh1 d4 29. Bd2 a5 30. a3 Ra6 31. Rc1 axb4 32. Bxb4 Ke6 33. Ke2 Kd5 34. c6
Rxb4 35. axb4 Ra2+ 36. Kf3 Bxb4 37. Rhg1 Ra3+ 38. Ke2 d3+ 39. Kd1 Ra2 40. Rb1
Kc4 41. Rg3 Rd2+ 42. Kc1 Bc3 43. Rg1 Rf2 44. Rb7 Ra2 45. Rb1 Bd2+ 46. Kd1 Bxf4
47. Rxg6 Rh2 48. Rg1 Bxe5 49. Re1 Bc3 50. Rf1 Rxh4 51. Rb7 Re4 52. Rxc7 d2 53.
Rd7 Re1+ 54. Kc2 Rxf1 55. Rxd2 Be5 56. Rd7 Rf2+ 57. Kd1 Kc5 58. c7 Bxc7 59.
Rxc7+ Kd5 60. Ke1 Rg2 61. Kf1 Rg4 62. Ra7 Ke5 63. Kf2 h4 64. Ra3 f4 65. Rb3 Rg3
66. Rb8 Ra3 67. Kg2 Rg3+ 68. Kf2 f3 1/2-1/2

[Event "7th Parsvnath International Open Chess T"]
[Site "Modern School, Barakhamba Road"]
[Date "2009.01.19"]
[Round "10.45"]
[White "Mishra, Neeraj-Kumar"]
[Black "Das, Dushyant"]
[Result "1-0"]
[WhiteElo "2338"]
[BlackElo "2154"]
[PlyCount "69"]
[EventDate "2009.01.11"]

1. Nf3 c5 2. b3 d6 3. Bb2 Nc6 4. g3 e5 5. Bg2 g6 6. c4 Bg7 7. d3 Nge7 8. Nc3
O-O 9. Nd2 Be6 10. Nd5 Bxd5 11. cxd5 Nb4 12. h4 Nbxd5 13. h5 Qd7 14. hxg6 hxg6
15. Qc1 Nf6 16. Qc4 Rab8 17. Qh4 Rfe8 18. Ne4 Nxe4 19. dxe4 Kf8 20. Rd1 Qc6 21.
f4 Ng8 22. Bf3 Rbd8 23. Bxe5 Bxe5 24. fxe5 Qc7 25. exd6 Rxd6 26. Rd5 Rde6 27.
Kf2 Nf6 28. Qh6+ Ke7 29. Qg5 Kf8 30. Rxc5 Qb6 31. Kg2 Qd6 32. b4 Nh5 33. Rd5
Qc6 34. Qh6+ Ke7 35. Rc1 1-0

[Event "7th Parsvnath International Open Chess T"]
[Site "Modern School, Barakhamba Road"]
[Date "2009.01.19"]
[Round "10.46"]
[White "Kiran, Manisha Mohanty"]
[Black "Sangma, Rahul"]
[Result "1/2-1/2"]
[WhiteElo "2184"]
[BlackElo "2322"]
[PlyCount "81"]
[EventDate "2009.01.11"]

1. e4 e5 2. Nf3 Nc6 3. Bb5 a6 4. Bxc6 dxc6 5. O-O Qd6 6. Na3 Be6 7. Qe2 f6 8.
c3 Bg4 9. Rd1 Qe6 10. Nc2 Bd6 11. d4 Ne7 12. Ne3 Bh5 13. Re1 Qf7 14. Kh1 O-O-O
15. Qc4 Qxc4 16. Nxc4 Bxf3 17. gxf3 exd4 18. cxd4 b5 19. Nxd6+ cxd6 20. Be3 Kb7
21. f4 f5 22. f3 Rhe8 23. Bf2 fxe4 24. fxe4 d5 25. Kg2 dxe4 26. Rxe4 Nd5 27.
Rae1 Rf8 28. Bg3 Rd7 29. Rc1 Re7 30. Rxe7+ Nxe7 31. Re1 Nd5 32. Re4 b4 33. h4
a5 34. Kf3 Kb6 35. Re6 Kb5 36. Ke4 a4 37. f5 a3 38. bxa3 bxa3 39. Bd6 Ra8 40.
Kd3 Rd8 41. Bc5 1/2-1/2

[Event "7th Parsvnath International Open Chess T"]
[Site "Modern School, Barakhamba Road"]
[Date "2009.01.19"]
[Round "10.47"]
[White "Ashwath, R."]
[Black "Sai, Krishna G V"]
[Result "1-0"]
[WhiteElo "2312"]
[BlackElo "2162"]
[PlyCount "51"]
[EventDate "2009.01.11"]

1. d4 Nf6 2. c4 g6 3. Nc3 Bg7 4. e4 d6 5. Nf3 O-O 6. Be2 e5 7. d5 a5 8. Bg5 h6
9. Bh4 Na6 10. Nd2 Nc5 11. b3 Bd7 12. a3 c6 13. O-O Qb6 14. Rb1 Na6 15. dxc6
bxc6 16. Nf3 Be6 17. Qc2 g5 18. Bg3 Nh5 19. Na4 Qc7 20. Rfd1 Rad8 21. b4 f5 22.
b5 g4 23. bxa6 gxf3 24. Bxf3 Nxg3 25. hxg3 fxe4 26. Qxe4 {Score Sheet not clear
} 1-0

[Event "7th Parsvnath International Open Chess T"]
[Site "Modern School, Barakhamba Road"]
[Date "2009.01.19"]
[Round "10.48"]
[White "Amrutha, Mokal"]
[Black "Lahiri, Atanu"]
[Result "0-1"]
[WhiteElo "2175"]
[BlackElo "2310"]
[PlyCount "74"]
[EventDate "2009.01.11"]

1. e4 e6 2. d4 d5 3. e5 c5 4. c3 Nc6 5. Nf3 Nh6 6. Bd3 f6 7. O-O Nf7 8. Re1
cxd4 9. cxd4 fxe5 10. Nxe5 Nfxe5 11. dxe5 Qh4 12. g3 Qh3 13. Bf1 Qf5 14. Bd3
Qh3 15. Bf1 Qf5 16. Bd3 Qf7 17. Bf4 Be7 18. Qg4 g5 19. Bd2 Bc5 20. Be3 Be7 21.
Bb5 Bd7 22. Bxc6 bxc6 23. b4 a5 24. Bc5 O-O 25. Re2 h5 26. Qd4 axb4 27. Qxb4
Qf3 28. Re1 Ra4 29. Qb6 Ra6 30. Qb4 Qxf2+ 31. Bxf2 Bxb4 32. Rd1 Rf5 33. Bd4 Bf8
34. h3 c5 35. Bxc5 Rc6 36. Be3 Rc1 37. Bxc1 Bc5+ 0-1

[Event "7th Parsvnath International Open Chess T"]
[Site "Modern School, Barakhamba Road"]
[Date "2009.01.19"]
[Round "10.49"]
[White "Akshat, Khamparia"]
[Black "Gagare, Shardul"]
[Result "1/2-1/2"]
[WhiteElo "2306"]
[BlackElo "2159"]
[PlyCount "59"]
[EventDate "2009.01.11"]

1. d4 d5 2. Nf3 Nf6 3. Bg5 Ne4 4. Bh4 c5 5. dxc5 Nc6 6. e3 Nxc5 7. Be2 Qb6 8.
Nc3 e6 9. O-O Be7 10. Bxe7 Nxe7 11. Rb1 O-O 12. b4 Nd7 13. e4 Nf6 14. Bd3 dxe4
15. Nxe4 Nfd5 16. Qd2 Ng6 17. g3 e5 18. Neg5 Nde7 19. h4 h6 20. h5 hxg5 21.
hxg6 f6 22. Nxg5 fxg5 23. Qxg5 Rf6 24. Qxe5 Kf8 25. Rbe1 Qd6 26. Qh5 Be6 27.
Re3 Bg8 28. Rfe1 Nxg6 29. f4 Bf7 30. Qf3 1/2-1/2

[Event "7th Parsvnath International Open Chess T"]
[Site "Modern School, Barakhamba Road"]
[Date "2009.01.19"]
[Round "10.50"]
[White "Navin, Kanna T U"]
[Black "Deric, Pinto"]
[Result "1-0"]
[WhiteElo "2302"]
[BlackElo "2142"]
[PlyCount "49"]
[EventDate "2009.01.11"]

1. e4 c5 2. Nf3 Nc6 3. Bb5 g6 4. O-O Bg7 5. c3 Nf6 6. Re1 O-O 7. d4 cxd4 8.
cxd4 d6 9. h3 Bd7 10. Nc3 a6 11. Bf1 Rc8 12. Bf4 b5 13. Rc1 b4 14. Nd5 a5 15.
Ba6 Rb8 16. Nxf6+ Bxf6 17. e5 Bg7 18. exd6 e6 19. Bc4 Qb6 20. Be3 Qb7 21. Qd2
Rfc8 22. d5 Nd8 23. Bd4 exd5 24. Bxg7 dxc4 25. Bf6 1-0